| 000 -LEADER |
| fixed length control field |
02059cam a22005057i 4500 |
| 001 - CONTROL NUMBER |
| control field |
18884994 |
| 003 - CONTROL NUMBER IDENTIFIER |
| control field |
NUST |
| 005 - DATE AND TIME OF LATEST TRANSACTION |
| control field |
20220825113120.0 |
| 008 - FIXED-LENGTH DATA ELEMENTS--GENERAL INFORMATION |
| fixed length control field |
151205t20152015xxua 5 000 0 eng d |
| 010 ## - LIBRARY OF CONGRESS CONTROL NUMBER |
| LC control number |
2015490532 |
| 020 ## - INTERNATIONAL STANDARD BOOK NUMBER |
| International Standard Book Number |
9781941234358 (paperback) |
| 020 ## - INTERNATIONAL STANDARD BOOK NUMBER |
| International Standard Book Number |
1941234356 (paperback) |
| 035 ## - SYSTEM CONTROL NUMBER |
| System control number |
(OCoLC)ocn883148253 |
| 038 ## - RECORD CONTENT LICENSOR |
| Staff Name |
Azhar |
| 040 ## - CATALOGING SOURCE |
| Original cataloging agency |
BTCTA |
| Language of cataloging |
eng |
| Transcribing agency |
BTCTA |
| Description conventions |
rda |
| Modifying agency |
BDX |
| -- |
CLE |
| -- |
OCLCO |
| -- |
YDXCP |
| -- |
JAO |
| -- |
CHVBK |
| -- |
OCLCO |
| -- |
OCLCQ |
| -- |
OCLCO |
| -- |
DLC |
| 042 ## - AUTHENTICATION CODE |
| Authentication code |
lccopycat |
| 043 ## - GEOGRAPHIC AREA CODE |
| Geographic area code |
n-us--- |
| 050 00 - LIBRARY OF CONGRESS CALL NUMBER |
| Classification number |
HF1118 |
| Item number |
.G59 2015 |
| 082 04 - DEWEY DECIMAL CLASSIFICATION NUMBER |
| Classification number |
650.076 |
| Edition number |
23 |
| Author Mark |
MAN |
| 245 00 - TITLE STATEMENT |
| Title |
GMAT advanced quant. |
| 246 1# - VARYING FORM OF TITLE |
| Display text |
At head of title: |
| Title proper/short title |
Manhattan prep |
| 246 1# - VARYING FORM OF TITLE |
| Display text |
Title on title page verso: |
| Title proper/short title |
GMAT advanced quant strategy guide |
| 250 ## - EDITION STATEMENT |
| Edition statement |
Second edition. |
| 260 ## - PUBLICATION, DISTRIBUTION, ETC. |
| Place of publication, distribution, etc. |
[United States] : |
| Name of publisher, distributor, etc. |
Manhattan Prep, |
| Date of publication, distribution, etc. |
2015 |
| 264 #4 - PRODUCTION, PUBLICATION, DISTRIBUTION, MANUFACTURE, AND COPYRIGHT NOTICE |
| Date of production, publication, distribution, manufacture, or copyright notice |
©2015 |
| 300 ## - PHYSICAL DESCRIPTION |
| Extent |
405 pages : |
| Other physical details |
illustrations ; |
| Dimensions |
28 cm. |
| 336 ## - CONTENT TYPE |
| Content type term |
text |
| Content type code |
txt |
| Source |
rdacontent |
| 337 ## - MEDIA TYPE |
| Media type term |
unmediated |
| Media type code |
n |
| Source |
rdamedia |
| 338 ## - CARRIER TYPE |
| Carrier type term |
volume |
| Carrier type code |
nc |
| Source |
rdacarrier |
| 490 1# - SERIES STATEMENT |
| Series statement |
GMAT strategy guide ; |
| Volume/sequential designation |
[supplement] |
| 500 ## - GENERAL NOTE |
| General note |
"Strategy guide supplement"--Cover. |
| 650 #0 - SUBJECT ADDED ENTRY--TOPICAL TERM |
| Topical term or geographic name entry element |
Graduate Management Admission Test |
| Form subdivision |
Study guides. |
| 9 (RLIN) |
95984 |
| 650 #0 - SUBJECT ADDED ENTRY--TOPICAL TERM |
| Topical term or geographic name entry element |
Mathematics |
| Geographic subdivision |
United States |
| Form subdivision |
Examinations, questions, etc. |
| -- |
Study guides. |
| 9 (RLIN) |
95996 |
| 650 #0 - SUBJECT ADDED ENTRY--TOPICAL TERM |
| Topical term or geographic name entry element |
College-level examinations |
| Geographic subdivision |
United States |
| Form subdivision |
Study guides. |
| 9 (RLIN) |
95997 |
| 650 #7 - SUBJECT ADDED ENTRY--TOPICAL TERM |
| Topical term or geographic name entry element |
Managementschule. |
| Source of heading or term |
gnd |
| Authority record control number or standard number |
(DE-588)4222923-6 |
| 9 (RLIN) |
95998 |
| 650 #7 - SUBJECT ADDED ENTRY--TOPICAL TERM |
| Topical term or geographic name entry element |
Wirtschaftshochschule. |
| Source of heading or term |
gnd |
| Authority record control number or standard number |
(DE-588)4343456-3 |
| 9 (RLIN) |
95999 |
| 650 #7 - SUBJECT ADDED ENTRY--TOPICAL TERM |
| Topical term or geographic name entry element |
Hochschulzulassung. |
| Source of heading or term |
gnd |
| Authority record control number or standard number |
(DE-588)4025259-0 |
| 9 (RLIN) |
96000 |
| 650 #7 - SUBJECT ADDED ENTRY--TOPICAL TERM |
| Topical term or geographic name entry element |
Test. |
| Source of heading or term |
gnd |
| Authority record control number or standard number |
(DE-588)4059549-3 |
| 9 (RLIN) |
96001 |
| 830 #0 - SERIES ADDED ENTRY--UNIFORM TITLE |
| Uniform title |
Manhattan GMAT strategy guides ; |
| Volume/sequential designation |
supplement. |
| 9 (RLIN) |
96002 |
| 856 42 - ELECTRONIC LOCATION AND ACCESS |
| Materials specified |
Contributor biographical information |
| Uniform Resource Identifier |
<a href="http://www.loc.gov/catdir/enhancements/fy1607/2015490532-b.html">http://www.loc.gov/catdir/enhancements/fy1607/2015490532-b.html</a> |
| 856 42 - ELECTRONIC LOCATION AND ACCESS |
| Materials specified |
Publisher description |
| Uniform Resource Identifier |
<a href="http://www.loc.gov/catdir/enhancements/fy1607/2015490532-d.html">http://www.loc.gov/catdir/enhancements/fy1607/2015490532-d.html</a> |
| 906 ## - LOCAL DATA ELEMENT F, LDF (RLIN) |
| a |
7 |
| b |
cbc |
| c |
copycat |
| d |
2 |
| e |
ncip |
| f |
20 |
| g |
y-gencatlg |
| 942 ## - ADDED ENTRY ELEMENTS (KOHA) |
| Source of classification or shelving scheme |
|
| Koha item type |
Lincoln Corner |